Reed's basic electrotechnology for engineers / (Record no. 3897)

000 -LEADER
fixed length control field 00429nam a22001577a 4500
008 - FIXED-LENGTH DATA ELEMENTS--GENERAL INFORMATION
fixed length control field 200707b ||||| |||| 00| 0 eng d
020 ## - INTERNATIONAL STANDARD BOOK NUMBER
International Standard Book Number 0900335963
082 00 - DEWEY DECIMAL CLASSIFICATION NUMBER
Classification number 621.3
Item number K891
100 ## - MAIN ENTRY--PERSONAL NAME
9 (RLIN) 1274
Personal name Kraal, Edmund G. R.
245 10 - TITLE STATEMENT
Title Reed's basic electrotechnology for engineers /
250 ## - EDITION STATEMENT
Edition statement 3rd ed.
260 ## - PUBLICATION, DISTRIBUTION, ETC. (IMPRINT)
Place of publication, distribution, etc London
Name of publisher, distributor, etc Reed
Date of publication, distribution, etc 1985
300 ## - PHYSICAL DESCRIPTION
Extent 608 p.
650 #0 - SUBJECT ADDED ENTRY--TOPICAL TERM
Topical term or geographic name as entry element Electrical Engineering
942 ## - ADDED ENTRY ELEMENTS (KOHA)
Item type Books
Holdings
Withdrawn status Lost status Source of classification or shelving scheme Damaged status Not for loan Permanent location Current location Date acquired Full call number Barcode Date last seen Koha item type
          IMU Kolkata IMU Kolkata 2020-07-07 621.3 K891 06952 2020-07-07 Books
Designed and Maintained by IMU-KC Library, Kolkata Campus © Copyright All Rights Reserved

webs counters

Powered by Koha